Tâm lý học trẻ em lứa tuổi từ lọt lòng đến 6 tuổi Tập 2 Tài liệu tham khảo dành cho các hệ đào tạo giáo viên ngành Giáo dục mầm non
Spremljeno u:
| Glavni autor: | |
|---|---|
| Format: | Knjiga |
| Izdano: |
H.
Hà Nội
1995
|
| Oznake: |
Dodaj oznaku
Bez oznaka, Budi prvi tko označuje ovaj zapis!
|
| Thư viện lưu trữ: | Trung tâm Học liệu Lê Vũ Hùng, Trường Đại học Đồng Tháp |
|---|
| LEADER | 00697pam a22001698a 4500 | ||
|---|---|---|---|
| 001 | 00039487 | ||
| 005 | 20171026081025.0 | ||
| 008 | 170519s1995 ||||||Viesd | ||
| 041 | 0 | # | |a Vie |
| 082 | 1 | 4 | |a 155.42 |b T120L |
| 100 | 1 | # | |a Ngô, Công Hoàn |
| 245 | 1 | 0 | |a Tâm lý học trẻ em lứa tuổi từ lọt lòng đến 6 tuổi Tập 2 |b Tài liệu tham khảo dành cho các hệ đào tạo giáo viên ngành Giáo dục mầm non |c Ngô Công Hoàn |
| 260 | # | # | |a H. |b Hà Nội |c 1995 |
| 300 | # | # | |a 200 tr. |b 21cm |
| 852 | # | # | |b Kho đọc |j KD.1000989 |
| 910 | |d 19/05/2017 | ||
| 980 | # | # | |a Trung tâm Học liệu Lê Vũ Hùng, Trường Đại học Đồng Tháp |